Bronz zo SZU i pre M. Slováka a hokejistov Skiparku Kežmarok

Bibliographic Details
Format: Article
Language:Slovak
Subjects:

MARC

LEADER 00000nab a2200000 a 4500
001 vtls009485188
003 SK-MaSNL
005 20260304040658.0
008 171109c2009 xo wr per 000 0 slo
038 |a PPPK 
040 |a PPPKCL  |b slo  |c PPPK  |e AACR2 
041 0 |a slo 
044 |a xo  |c SK 
080 |a 796.9.093.1  |x (100)  |2 2001 
080 |a 796.966.091.1  |x (100)  |2 2001 
245 0 0 |a Bronz zo SZU i pre M. Slováka a hokejistov Skiparku Kežmarok  |c [autor] (pšp) 
610 2 7 |a Hokejový klub Aquacity ŠKP Poprad  |2 pppkcl  |9 1033684 
610 2 7 |a MHK SkiPark Kežmarok  |2 pppkcl  |9 1033766 
611 2 7 |a Svetová zimná univerziáda  |n (24. :  |d 2009 :  |c Char-pin, Čína)  |2 pppkcl  |9 1196190 
650 0 7 |a šport  |2 snkbucl  |9 1042 
650 0 7 |a zimné športy  |2 pppkcl  |9 1231 
650 0 7 |a ľadový hokej  |2 pppkcl  |9 3231 
651 7 |a Čína  |2 pppkcl  |9 21369 
651 7 |a Poprad (Slovensko)  |2 pppkcl  |9 20155 
651 7 |a Kežmarok (Slovensko)  |2 pppkcl  |9 26808 
773 0 |t Poprad : noviny občanov mesta  |g Roč. XX, č. 11 (2009), s. 3 
852 |a PPPK  |b KIS3GCP 
999 |c 2664421  |d 2666351